000
00259nmm a2200097Ia 4500
008
220120s9999||||xx |||||||||||||||||und||
082
_a
621.3822 WEE
100
_a
Weeks, Michael
245
0
_a
Digital signal processing using MATLAB and wavelets
260
_c
2007
999
_c
138836
_d
138836